000 01092cam a22002894a 4500
999 _c234937
_d234937
001 11883191
003 Nust
005 20170403140845.0
008 000106s2001 maub b 001 0 eng
010 _a 00021224
020 _a0618030093 (pbk.)
040 _aDLC
_cDLC
_dDLC
042 _apcc
050 0 0 _b.D473 2001
082 0 0 _a333.91 MAR
_221
100 1 _aDe Villiers, Marq.
245 1 0 _aWater :
_bthe fate of our most precious resource /
_cMarq De Villiers.
250 _a1st Mariner Books ed.
260 _aBoston, MA :
_bHoughton Mifflin,
_c2001.
300 _axvi, 352 p. :
_bmaps ;
_c21 cm.
500 _aP.B
504 _aIncludes bibliographical references (p. [331]-338) and index.
650 0 _aWater-supply.
650 0 _aWater-supply
_xPolitical aspects.
650 0 _aWater
_xPollution.
650 0 _aWater resources development
_xPolitical aspects.
906 _a7
_bcbc
_corignew
_d1
_eocip
_f20
_gy-gencatlg
942 _2ddc
_cBK
_k333.91 MAR